000 00630nam a2200193Ia 4500
003 GCL
008 140319s9999 xx 000 0 ara d
040 _aGCL /
_cGCL
082 0 4 _a621.368
_bف م
100 1 _aفاروق سيد حسين
245 1 0 _aالميكروويف /
_cفاروق سيد حسين
260 _a[S.N] :
_bدار الراتب الجامعية
300 _a181 ص
490 _aسلسلة شوم فى المحاسبة
_v0
650 0 4 _aالاتصالات
650 0 4 _aالاتصالات الالكترونية
650 0 4 _aالاتصالات عبر الاقمار الصناعية
942 _2ddc
_cBK
999 _c54794
_d54794